• 首页
  • 本馆介绍
  • 公告通知
  • 最新文献
  • 馆藏检索
  • 电子资源
  • 读者导购
  • 参考咨询
  • 我的图书馆
  • 登录
  • 详细信息显示
  • 放入我的书架
  • 预约/预借图书
  • 作者相关作品
  • 分类相关作品
  • 丛书相关作品
  • 出版社相关作品

书目信息

  • 表格格式
  • 工作单格式
  • 卡片格式
题名:
白化文文集
    
 
作者: 白化文 著
分册: 第二卷   人海栖迟
出版信息: 北京   中国书籍出版社  2017
页数: 287页
开本: 23cm
丛书名:
单 册:
中图分类: C532 , I267.1
科图分类:
主题词: 随笔--中国--当代--选集
电子资源:
ISBN: 978-7-5068-6397-1
000 00921nam0 2200253 45
001 012001005513
005 20181010094132.40
010    @a978-7-5068-6397-1@dCNY58.00
100    @a20171222d2017 em y0chiy50 ea
101 0  @achi
102    @aCN@b110000
105    @ay z 000cy
106    @ar
200 1  @a白化文文集@9bai hua wen wen ji@h第二卷@i人海栖迟@f白化文著
210    @a北京@c中国书籍出版社@d2017
215    @a287页@d23cm
330    @a本书主要收录“阐明或说希望表扬诸位大名家的优秀著作的小文及相关文字”“以为传道之助”。编辑仍旧本此宗旨,除调出几篇关于北京的人和事的文章,主要是把别书中寿辞、碑文都集中调整了过来。分辑则是将序言与自序合为一辑,另增一辑“寿辞和碑文”。
517 1  @a人海栖迟@9ren hai qi chi
606 0  @a随笔@y中国@z当代@j选集
690    @aC532@v5
690    @aI267.1@v5
701  0 @a白化文@9bai hua wen@4著
801  0 @aCN@b上海新华@c20180901
905    @b1174215-6@dC532@e398:2@f2
    
    白化文文集.第二卷.人海栖迟/白化文著.-北京:中国书籍出版社,2017
    287页;23cm
    
    
    ISBN 978-7-5068-6397-1:CNY58.00
    本书主要收录“阐明或说希望表扬诸位大名家的优秀著作的小文及相关文字”“以为传道之助”。编辑仍旧本此宗旨,除调出几篇关于北京的人和事的文章,主要是把别书中寿辞、碑文都集中调整了过来。分辑则是将序言与自序合为一辑,另增一辑“寿辞和碑文”。
●
相关链接 在E读中查询图书 在五车中查询图书 在当当中查询图书 在豆瓣中查询图书


正题名:白化文文集     索取号:C532/398:2         预约/预借

序号 登录号 条形码 馆藏地/架位号 状态 备注
1 1174215   211742159   第一样本阅览室/ [索取号:C532/398:2] 在馆    
2 1174216   211742168   第一借阅区/ [索取号:C532/398:2] 在馆    
唐山师范学院图书馆 欢迎您!
大连网信软件有限公司© 版权所有